00590nam a2200181Ia 4500008004100000082001300041100001900054245002200073250000800095260002500103300001200128500002400140650001600164942000700180952010200187952010200289999001700391230524s9999 xx 000 0 und d a515bBAL aE.Balagurusamy 0aNumerical Methods a1ST aNEW DELHIbTMHc2002 aXVI;602 aQuantity Number: 2 aMathematics cBK 00104070aTATCLbTATCLcGENd2023-05-24l0o515 BALp8744r2023-05-24w2023-05-24yBKzFESM6301 00104070aTATCLbTATCLcGENd2023-05-24l0o515 BALp9249r2023-05-24w2023-05-24yBKzFESM6301 c30853d30853